000 00228nam a2200097Ia 4500
008 120527s9999 xx 000 0 und d
100 _aCOOk,Trevor
245 _aA user's guide to patents.
260 _bButtreworths.
942 _cBK
999 _c23676
_d23676